000
00337 a2200109 4500
001
ART_10872
005
20260410161849.0
008
260409a
245
1
0
_a
Migraciones internacionales y criterios de Bienestar
100
1
_a
Montuschi, Luisa
773
0
_t
Económica
_g
- Año XXV, Nº 1/2/3 (ene./dic. 1979)
_w
REV7541
999
_c
24796
_d
24796